Football Quizz sur Javier Pastore - Statistiques

Statistiques générales
  • Ce quiz a été pris 56 fois
  • Le résultat moyen est 8 sur 15
Statistiques - réponses
Question Réponse % Correct
En quelle année rejoint-il le PSG ? 2011
88%
Contre quelle équipe en ldc Pastore a marqué un but iconique ? Chelsea
81%
Quel est le surnom de Pastore ? El Flaco
81%
Pastore quitte le PSG et retrouve et la Serie A, dans quel club signe-t-il ? As Roma
77%
Quel est son premier son club en Europe ? Palerme
73%
Lors de la saison 2016-17, il change de numéro, quel numéro a-t-il pris ? 10
71%
Quel numéro porte-il durant la quasi totalité de son passage au PSG ? 27
67%
Dans ce club, avec quel joueur forme-t-il un duo qu'il retrouvera au PSG ? Cavani
67%
Pour combien de millions ? 42
60%
Pastore quitte l'Europe pour rejoindre un nouveau club, dans quel pays arrive-t-il en 2022 ? Qatar
44%
Après 3 saisons gâchées par les blessures, il change de club, où signe-t-il ? Elche
35%
Avec ce club, il marque pour son premier à domicile d'une superbe talonnade, quel était l'adversaire ? Atalanta
21%
Dans ce club, Pastore prendra un carton rouge en étant sur le banc, face à quel adversaire ? Barca
15%
Quel est son deuxième club en Argentine ? Huracan
13%
Quel est son tout premier club ? Talleres
13%
Aucun quiz correspondant
Distribution des résultats
% des personnes avec chaque résultat
Percentile par nombre de réponses
Votre historique - résultats
Vous n’avez pas pris ce quiz